| 000 | 00551nam a2200229 a 4500 | ||
|---|---|---|---|
| 001 | nice12345678 | ||
| 003 | IN_TiNIC | ||
| 005 | 20260116011430.0 | ||
| 008 | 070629s1925 laha grp 000 0 eng | ||
| 020 |
_a _c100 |
||
| 082 | 0 | 0 |
_a239 _bGOL5 |
| 100 | _aGoldsack, William | ||
| 245 | _aThe Bible in Islam | ||
| 260 |
_aLahore _bPunjab Religious Booksociety _c1925 |
||
| 300 | _a95p | ||
| 500 | _aincludes index and biblioraphy | ||
| 650 | _aApologetics | ||
| 700 | 1 | _aGoldsack, William | |
| 902 | _bSRS | ||
| 942 | _cBK | ||
| 999 |
_c1471 _d1471 |
||